San Antonio Spurs 2020s Top 10 Leaders - Statistics

General Stats
  • This quiz has been taken 120 times
    34 since last reset
  • The average score is 10 of 18
Answer Stats
Player % Correct
Victor Wembanyama
97%
Stephon Castle
86%
Keldon Johnson
83%
Devin Vassell
79%
Dejounte Murray
72%
Jeremy Sochan
72%
DeMar DeRozan
69%
Julian Champagnie
62%
Tre Jones
59%
LaMarcus Aldridge
55%
Chris Paul
52%
Zach Collins
48%
Jakob Poeltl
45%
Derrick White
34%
Lonnie Walker IV
21%
Malaki Branham
17%
Rudy Gay
17%
Drew Eubanks
7%
No matching quizzes found
Score Distribution
Percent of People with Each Score
Percentile by Number Answered
Your Score History
You have not taken this quiz since the last reset